000 01286nam a2200349 i 4500
003 EG-GICUC
005 20260428124340.0
008 260428s1884 fr fr|||| 00| 0 fre d
040 _aEG-GiCUC
_bfre
_cEG-GiCUC
_dEG-GiCUC
_eRda
041 _afre
082 0 4 _221
_a343.81
_bTR . C
092 0 4 _221
099 _aLaw1 10 343.81 TR . C 1884
100 1 _aTrébutien, E
_eAuteur
245 1 0 _a Cours Élémentaire De Droit Criminel:
_nTome II
_bInstruction Criminelle /
_c Par E. Trébutien ; Revue, Augmentée Et Mise Au Courant De La Législation Et De La Jurisprudence Par MM. Laisné-Deshayes , L. Guillouard. |
250 _aSeconde Édition
264 1 _aParis :
_b A. Lahure, Imprimeur-Éditeur,
_c1884.
300 _a754 page;
_c 24 cm.
336 _2rda contenu
_a texte
337 _2rda medias
_aOrdinateur
338 _2 transporteur rda
_a Ressource en ligne
504 _aComprend des références bibliographiques et un index.
546 _aTexte en français
650 1 _aDroit pénal
_2qrmak
651 1 _2qrmak
700 1 _aLaisné-Deshayes,
_eÉditeur
700 1 _aGuillouard, L.,
_eÉditeur
710 2 _a A. Lahure (Firm).
856 4 0 _uhttps://fll.law.cu.edu.eg/fulltext/bks/B10-09508.pdf
905 _a167
942 _2ddc
_cBK
_e21
_n0
999 _c73899
_d73899